ბათუმის შოთა რუსთაველის სახელმწიფო უნივერსიტეტის ბიბლიოთეკა

მოდით გაღიმებულს მომისწარით. (ბიბ.ჩანაწერი № 44022)

000 -LEADER
fixed length control field 00765nam a2200241Ia 4500
001 - CONTROL NUMBER
control field 10773
003 - CONTROL NUMBER IDENTIFIER
control field GE_BSU
008 - FIXED-LENGTH DATA ELEMENTS--GENERAL INFORMATION
fixed length control field 181216s||||||||xx |||||||||||||| ||und||
040 ## - CATALOGING SOURCE
Transcribing agency GE_BSU
080 ## - UNIVERSAL DECIMAL CLASSIFICATION NUMBER
Universal Decimal Classification number 821.353.1-1
100 ## - MAIN ENTRY--PERSONAL NAME
Personal name ქებურია,ბელა
245 ## - TITLE STATEMENT
Title მოდით გაღიმებულს მომისწარით.
245 ## - TITLE STATEMENT
Remainder of title ლექსები.
245 ## - TITLE STATEMENT
Statement of responsibility, etc. რედ.თეა თავბერიძე.
260 ## - PUBLICATION, DISTRIBUTION, ETC.
Place of publication, distribution, etc. ბათუმი.
260 ## - PUBLICATION, DISTRIBUTION, ETC.
Name of publisher, distributor, etc. ალიონი.
260 ## - PUBLICATION, DISTRIBUTION, ETC.
Date of publication, distribution, etc. 2005.
300 ## - PHYSICAL DESCRIPTION
Extent 271გვ;17სმ.
300 ## - PHYSICAL DESCRIPTION
Accompanying material 1ფ.პორტრეტი.
653 ## - INDEX TERM--UNCONTROLLED
Uncontrolled term მოდით გაღიმებულს მომისწარით.
942 ## - ADDED ENTRY ELEMENTS (KOHA)
Koha item type წიგნი
ეგზემპლარები
Withdrawn status Lost status Damaged status Not for loan Date acquired Barcode Date last seen Price effective from Koha item type
        2018-12-17 35260 2018-12-17 2018-12-17 წიგნი
        2018-12-17 35261 2018-12-17 2018-12-17 წიგნი